|
|
|
|
| LEADER |
00000cam a2200000 7i4500 |
| 001 |
0000050322 |
| 005 |
20220105105345.0 |
| 008 |
150709 |
| 020 |
|
|
|a 9789670618296
|
| 090 |
0 |
0 |
|a REG
|b MAL
|
| 100 |
1 |
|
|a Saifuddin Aman H.
|
| 245 |
1 |
0 |
|a Jom kenali islam bersama ayah dan ibu
|c h. Saifuddin Aman
|
| 260 |
|
|
|a Hulu Selangor :
|b Darul Mughni ,
|c 2014
|
| 300 |
|
|
|a 176pg. :
|b col.ill.
|
| 490 |
1 |
|
|a Anak- anak muslim
|
| 500 |
|
|
|a Children ages 7-9 years old (orange)
|
| 650 |
|
0 |
|a Children's stories, Malay
|
| 999 |
|
|
|a 0001297601
|b Book
|c Children Collection
|e Cawangan Mersing
|
| 999 |
|
|
|a 0001297605
|b Book
|c Teenagers
|e Cawangan Taman Universiti
|
| 999 |
|
|
|a 0001297607
|b Book
|c Children Collection
|e Cawangan Kota Tinggi
|
| 999 |
|
|
|a 0001297611
|b Book
|c Children Collection
|e Cawangan Tangkak
|